LDR 00946naa#a2200193#i#450# 001 EN\\bibl\121837 005 20260630101021.2 011 ## _a3033-7879 100 ## _a20260331b2026####ek#y0engy0150####ca 102 ## _aRU 200 1# _aIMPROVING JURISDICTIONAL LAW ENFORCEMENT IN THE CONTEXT OF DIGITAL REALITY _eJournal article 210 1# _aVolgograd _cVolgograd Academy of the Ministry of Internal Affairs of Russia _d2026 215 ## _a0 с. 608 ## _aJournal article _2local 675 ## _aПраво в целом. Пропедевтика. Методы и вспомогательные правовые науки. 340 _aИнформационные технологии. Компьютерные технологии. Теория вычислительных машин и систем. 004 _z 700 #1 _aPavlenkov _gRoman Vasilievich 700 #1 _aRed'ko _gAleksandr Aleksandrovich 700 #1 _aGubanova _gVictoriya Vladimirovna 856 4# _ava-mvd.editorum.ru _u